[Event "SSC-Rostock-Open 2013"]
[Site "Rostock"]
[Date "2013.08.04"]
[Round "7.11"]
[White "Weber, Max"]
[Black "Schreiber, Kevin"]
[Result "1/2-1/2"]
[WhiteElo "2108"]
[BlackElo "1914"]
[PlyCount "58"]
[EventDate "2013.07.31"]
[EventType "swiss"]
[EventRounds "7"]
[EventCountry "GER"]
[Source "LSV Meck.-Vorp."]
[SourceDate "1999.06.01"]
[WhiteTeam "SSC Rostock 07"]
[BlackTeam "SC Mecklenburger Springer"]

1. Nf3 c5 2. c4 Nc6 3. g3 g6 4. Bg2 Bg7 5. Nc3 Nf6 6. d4 cxd4 7. Nxd4 O-O 8.
O-O Qc7 9. Bf4 Qd8 10. c5 Nxd4 11. Qxd4 d6 12. cxd6 Ne8 13. Qb4 Nxd6 14. Rfd1
a5 15. Qa3 Ra6 16. Ne4 Qb6 17. Nxd6 exd6 18. Rd2 Be5 19. Be3 Qb4 20. Rad1 Be6
21. Bd4 Qxa3 22. bxa3 Bxd4 23. Rxd4 b5 24. Bd5 Rd8 25. Re4 Bxd5 26. Rxd5 b4 27.
a4 Rc8 28. Rd2 Rc3 29. Re3 Rxe3 1/2-1/2

[Event "SSC-Rostock-Open 2013"]
[Site "Rostock"]
[Date "2013.08.04"]
[Round "7.12"]
[White "Hodl, Ingolf"]
[Black "Mangold, Thomas"]
[Result "1/2-1/2"]
[WhiteElo "2062"]
[BlackElo "1884"]
[PlyCount "33"]
[EventDate "2013.07.31"]
[EventType "swiss"]
[EventRounds "7"]
[EventCountry "GER"]
[Source "LSV Meck.-Vorp."]
[SourceDate "1999.06.01"]
[WhiteTeam "SSC Rostock 07"]
[BlackTeam "SSC Rostock 07"]

1. g3 e5 2. Nf3 Nc6 3. d3 Nf6 4. e4 Bc5 5. Bg2 d5 6. Nbd2 dxe4 7. dxe4 O-O 8.
O-O Bg4 9. c3 Qd3 10. h3 Bh5 11. g4 Bg6 12. Ne1 Qd7 13. Qe2 Rad8 14. Nb3 Bb6
15. Bg5 h6 16. Be3 Bxe3 17. Qxe3 1/2-1/2

[Event "SSC-Rostock-Open 2013"]
[Site "Rostock"]
[Date "2013.08.04"]
[Round "7.13"]
[White "Giese, Guido"]
[Black "Ruesch, Hans Joachim"]
[Result "0-1"]
[WhiteElo "1964"]
[BlackElo "2051"]
[PlyCount "118"]
[EventDate "2013.07.31"]
[EventType "swiss"]
[EventRounds "7"]
[EventCountry "GER"]
[Source "LSV Meck.-Vorp."]
[SourceDate "1999.06.01"]
[WhiteTeam "HSG Uni Rostock"]
[BlackTeam "SF Ostsee Warnemuende"]

1. e4 g6 2. d4 Bg7 3. Nc3 d6 4. Nf3 Nf6 5. h3 O-O 6. Be3 b6 7. e5 Ne8 8. Bc4 c6
9. O-O d5 10. Be2 f6 11. Bf4 Nc7 12. Qd2 Ne6 13. Bh6 Nd7 14. Bxg7 Kxg7 15. Rfe1
Rf7 16. exf6+ exf6 17. Bf1 Ndf8 18. Rad1 Qd6 19. a3 Bd7 20. Ne2 Re8 21. Qb4 Qc7
22. c4 a5 23. Qc3 Rfe7 24. cxd5 cxd5 25. Qxc7 Nxc7 26. Nc3 Nfe6 27. g3 Kf8 28.
Nh2 Ng7 29. Rxe7 Kxe7 30. Re1+ Kd6 31. Rxe8 Bxe8 32. Ng4 Ke6 33. Ne3 g5 34. Bg2
Bc6 35. Bf3 f5 36. Kf1 f4 37. Bg4+ Kf6 38. Ng2 fxg3 39. fxg3 b5 40. b4 axb4 41.
axb4 Na6 42. Ne3 Nxb4 43. Kf2 Ne8 44. h4 gxh4 45. gxh4 Nd6 46. Be2 Ne4+ 47.
Nxe4+ dxe4 48. Ke1 Ke6 49. Kd2 Nd5 50. Bg4+ Kf6 51. Nxd5+ Bxd5 52. Kc3 Be6 53.
Be2 Bd7 54. Bf1 Ke6 55. Bg2 Kd5 56. Bf1 b4+ 57. Kxb4 Kxd4 58. Kb3 Ke3 59. Kc3
Kf2 0-1

[Event "SSC-Rostock-Open 2013"]
[Site "Rostock"]
[Date "2013.08.04"]
[Round "7.14"]
[White "Helms, Sven"]
[Black "Mauser, Tassilo"]
[Result "1/2-1/2"]
[WhiteElo "2046"]
[BlackElo "1766"]
[PlyCount "48"]
[EventDate "2013.07.31"]
[EventType "swiss"]
[EventRounds "7"]
[EventCountry "GER"]
[Source "LSV Meck.-Vorp."]
[SourceDate "1999.06.01"]
[WhiteTeam "SF Schwerin"]
[BlackTeam "SV Gryps"]

1. d4 Nf6 2. c4 c5 3. Nf3 cxd4 4. Nxd4 Nc6 5. g3 g6 6. Bg2 Bg7 7. O-O O-O 8.
Nc3 Nxd4 9. Qxd4 d6 10. Qd3 Bf5 11. e4 Be6 12. b3 Ng4 13. Bb2 Qa5 14. h3 Ne5
15. Qc2 Rac8 16. Nd5 Bxd5 17. exd5 b5 18. f4 Qb6+ 19. Kh2 Nd7 20. Bxg7 Kxg7 21.
Qe2 bxc4 22. bxc4 Nf6 23. Rab1 Qc7 24. Rbc1 Rfe8 1/2-1/2

[Event "SSC-Rostock-Open 2013"]
[Site "Rostock"]
[Date "2013.08.04"]
[Round "7.15"]
[White "Reznik, Leonid"]
[Black "Kutschke, Peter"]
[Result "1-0"]
[WhiteElo "1869"]
[BlackElo "2045"]
[PlyCount "75"]
[EventDate "2013.07.31"]
[EventType "swiss"]
[EventRounds "7"]
[EventCountry "GER"]
[Source "LSV Meck.-Vorp."]
[SourceDate "1999.06.01"]
[WhiteTeam "TuS Makkabi Rostock"]
[BlackTeam "HSG Uni Rostock"]

1. e4 d5 2. exd5 Nf6 3. d4 Nxd5 4. Nf3 g6 5. c4 Nb6 6. Nc3 Bg4 7. c5 N6d7 8.
Bc4 e6 9. Qb3 Bxf3 10. gxf3 Nc6 11. Be3 Na5 12. Qa4 Nxc4 13. Qxc4 c6 14. Ne4
Qc7 15. h4 h5 16. Bg5 Be7 17. Bxe7 Kxe7 18. Nd6 b6 19. b4 a5 20. O-O axb4 21.
Rfe1 b5 22. Qe2 Nf6 23. Qe5 Nd5 24. Qg7 Rhf8 25. Kh1 Qd8 26. Re5 Kd7 27. Nxf7
Qxh4+ 28. Kg1 Rxf7 29. Qxf7+ Qe7 30. Qxg6 Nf4 31. Qh6 Qf7 32. Kf1 b3 33. Rg5
Rxa2 34. Rd1 Nh3 35. Rg7 Rxf2+ 36. Ke1 Rxf3 37. Rxf7+ Rxf7 38. Qxh5 1-0

[Event "SSC-Rostock-Open 2013"]
[Site "Rostock"]
[Date "2013.08.04"]
[Round "7.16"]
[White "Worm, Alfred"]
[Black "Jurkatis, Hagen"]
[Result "0-1"]
[WhiteElo "1844"]
[BlackElo "2094"]
[PlyCount "78"]
[EventDate "2013.07.31"]
[EventType "swiss"]
[EventRounds "7"]
[EventCountry "GER"]
[Source "LSV Meck.-Vorp."]
[SourceDate "1999.06.01"]
[WhiteTeam "SSC Rostock 07"]
[BlackTeam "SK Koenig Tegel 1949"]

1. e4 d6 2. d4 Nf6 3. Nc3 Nbd7 4. Nf3 e5 5. Bc4 Be7 6. O-O O-O 7. a4 a5 8. Re1
c6 9. d5 Nc5 10. Bd2 Bg4 11. Qb1 Bh5 12. Bg5 Nxd5 13. Bxe7 Nxe7 14. b4 axb4 15.
Qxb4 Ng6 16. Re3 Nf4 17. Ne1 Qa5 18. Qxa5 Rxa5 19. g3 Nfe6 20. Nd3 b5 21. Bb3
bxa4 22. Nxa4 Nxd3 23. Rxd3 Nd4 24. Ra2 Rfa8 25. Rb2 Be2 26. Re3 Bb5 27. Ra2
Bxa4 28. Bxa4 Rxa4 29. Rb2 h6 30. c3 Nb5 31. f4 f6 32. fxe5 fxe5 33. Rd2 Ra1+
34. Kg2 R8a2 35. Rf2 Rxf2+ 36. Kxf2 Rc1 37. Rd3 Rxc3 38. Rd2 Nd4 39. Rd1 Rc2+
0-1

[Event "SSC-Rostock-Open 2013"]
[Site "Rostock"]
[Date "2013.08.04"]
[Round "7.17"]
[White "Schubert, Jens"]
[Black "Pererva, Viktor"]
[Result "0-1"]
[WhiteElo "1613"]
[BlackElo "2019"]
[PlyCount "72"]
[EventDate "2013.07.31"]
[EventType "swiss"]
[EventRounds "7"]
[EventCountry "GER"]
[Source "LSV Meck.-Vorp."]
[SourceDate "1999.06.01"]
[WhiteTeam "SV Turbine Neubrandenburg"]
[BlackTeam "SSC Rostock 07"]

1. e4 e5 2. Nf3 Nc6 3. Bb5 a6 4. Ba4 Nf6 5. O-O b5 6. Bb3 Bc5 7. c3 d6 8. d4
Bb6 9. h3 h6 10. Re1 O-O 11. Be3 Bd7 12. Nbd2 Rb8 13. d5 Ne7 14. Bxb6 Rxb6 15.
c4 Ng6 16. c5 Rb8 17. c6 Bc8 18. Bc2 Nf4 19. b4 N6h5 20. Re3 Kh8 21. Nb1 g5 22.
Qd2 Rg8 23. Kh2 g4 24. hxg4 Bxg4 25. Bd1 Qf6 26. g3 Rg7 27. Qc3 Rbg8 28. Nbd2
Bc8 29. Ne1 Qg6 30. Ng2 Nxg2 31. Kxg2 Nf4+ 32. Kh2 Qf6 33. Kh1 Qh4+ 34. Kg1 Qh3
35. Bf3 Rxg3+ 36. fxg3 Qxg3+ 0-1

[Event "SSC-Rostock-Open 2013"]
[Site "Rostock"]
[Date "2013.08.04"]
[Round "7.18"]
[White "Birnbaum, Wolf Dieter"]
[Black "Fleischer, Matthias"]
[Result "0-1"]
[WhiteElo "1992"]
[BlackElo "1929"]
[PlyCount "50"]
[EventDate "2013.07.31"]
[EventType "swiss"]
[EventRounds "7"]
[EventCountry "GER"]
[Source "LSV Meck.-Vorp."]
[SourceDate "1999.06.01"]
[WhiteTeam "SF Ostsee Warnemuende"]
[BlackTeam "SV Einheit Schwerin"]

1. Nf3 Nf6 2. g3 g6 3. Bg2 Bg7 4. O-O d5 5. d4 O-O 6. c4 e6 7. Nc3 c6 8. Bf4
Re8 9. Re1 Nh5 10. Bg5 f6 11. Be3 f5 12. Qb3 Nf6 13. Rad1 Nbd7 14. cxd5 exd5
15. Bf4 h6 16. Ne5 Kh7 17. h4 Qe7 18. f3 Nh5 19. e4 Nxf4 20. Nxg6 Nxg6 21. exf5
Bxd4+ 22. Kf1 Nge5 23. Rxd4 Nc5 24. Qc2 Qf6 25. g4 b6 0-1

[Event "SSC-Rostock-Open 2013"]
[Site "Rostock"]
[Date "2013.08.04"]
[Round "7.19"]
[White "Bardosch, Karl"]
[Black "Stutz, Reno"]
[Result "0-1"]
[WhiteElo "1608"]
[BlackElo "1991"]
[PlyCount "54"]
[EventDate "2013.07.31"]
[EventType "swiss"]
[EventRounds "7"]
[EventCountry "GER"]
[Source "LSV Meck.-Vorp."]
[SourceDate "1999.06.01"]
[WhiteTeam "SSC Rostock 07"]
[BlackTeam "ASV Gruen-Weiss Wismar"]

1. e4 c5 2. Nf3 a6 3. d4 cxd4 4. Nxd4 Nf6 5. Nc3 e5 6. Nb3 Bb4 7. Bd3 d5 8.
exd5 Qxd5 9. O-O Bxc3 10. bxc3 O-O 11. Bg5 Nbd7 12. Re1 b5 13. Be4 Qxd1 14.
Raxd1 Nxe4 15. Rxe4 f6 16. Bc1 Nb6 17. Ba3 Re8 18. Na5 Bf5 19. Re2 Rec8 20. Bb4
Na4 21. c4 bxc4 22. c3 Bd3 23. Re3 e4 24. Rde1 Rab8 25. a3 Nc5 26. f3 f5 27.
fxe4 fxe4 0-1

[Event "SSC-Rostock-Open 2013"]
[Site "Rostock"]
[Date "2013.08.04"]
[Round "7.20"]
[White "Celmer, Ole"]
[Black "Jeske, Holger"]
[Result "1/2-1/2"]
[WhiteElo "1908"]
[BlackElo "1903"]
[PlyCount "122"]
[EventDate "2013.07.31"]
[EventType "swiss"]
[EventRounds "7"]
[EventCountry "GER"]
[Source "LSV Meck.-Vorp."]
[SourceDate "1999.06.01"]
[WhiteTeam "SSC Rostock 07"]
[BlackTeam "SSC Rostock 07"]

1. e4 d6 2. d4 g6 3. Nc3 Bg7 4. Be3 Nf6 5. Qd2 c6 6. h3 b5 7. e5 b4 8. Nce2 Nd5
9. Bh6 O-O 10. h4 dxe5 11. dxe5 Nc7 12. O-O-O Qxd2+ 13. Bxd2 Bxe5 14. Bxb4 Nd5
15. Bd2 Bc7 16. h5 e5 17. hxg6 hxg6 18. Nc3 Be6 19. Nf3 f6 20. Bd3 Ne7 21. Rh6
Kf7 22. Rh7+ Ke8 23. Bxg6+ Nxg6 24. Rxc7 Rf7 25. Rxf7 Kxf7 26. Be3 Nd7 27. Ne4
a5 28. a3 Ngf8 29. Nd6+ Ke7 30. Nh4 Ra6 31. Nb7 Ra8 32. Bd2 a4 33. Bb4+ Kf7 34.
Nd6+ Kg8 35. Nhf5 Bxf5 36. Nxf5 c5 37. Bd2 Kf7 38. Bh6 Ke6 39. g4 Ra6 40. Bxf8
Nxf8 41. Ng3 Nd7 42. Ne4 Rc6 43. Nc3 Nb6 44. Rd8 f5 45. Re8+ Kf7 46. Rxe5 fxg4
47. Rg5 Rf6 48. Rxg4 Rxf2 49. Nxa4 Nd5 50. Rc4 Rf1+ 51. Kd2 Rf2+ 52. Ke1 Rh2
53. Nxc5 Ne3 54. Rf4+ Kg6 55. Rf2 Nxc2+ 56. Kf1 Ne3+ 57. Ke2 Rxf2+ 58. Kxf2
Nd1+ 59. Ke2 Nxb2 60. Ne4 Kf5 61. Nd6+ Ke6 1/2-1/2

[Event "SSC-Rostock-Open 2013"]
[Site "Rostock"]
[Date "2013.08.04"]
[Round "7.21"]
[White "Siegert, Gregor"]
[Black "Massloch, Philipp"]
[Result "0-1"]
[WhiteElo "1826"]
[BlackElo "1818"]
[PlyCount "64"]
[EventDate "2013.07.31"]
[EventType "swiss"]
[EventRounds "7"]
[EventCountry "GER"]
[Source "LSV Meck.-Vorp."]
[SourceDate "1999.06.01"]
[WhiteTeam "SF Schwerin"]
[BlackTeam "SAV Torgelow-Droegeheide 90"]

1. Nf3 Nf6 2. g3 g6 3. Bg2 Bg7 4. O-O O-O 5. d4 d5 6. c4 c6 7. b3 Nbd7 8. Bb2
Qc7 9. Nc3 Nb6 10. Ne5 Be6 11. c5 Nbd7 12. f4 b6 13. cxb6 axb6 14. Qd2 Rad8 15.
Rfc1 Qb7 16. Ba3 Rfe8 17. Nxc6 Qxc6 18. Nxd5 Qb5 19. Nxe7+ Kh8 20. d5 Nc5 21.
d6 Nfe4 22. Rxc5 Qxc5+ 23. Bxc5 Nxd2 24. Bxb6 Rxd6 25. Bc5 Bxa1 26. Bxd6 Rd8
27. Bb4 Bd4+ 28. Kh1 Be3 29. h3 Nxb3 30. axb3 Rd1+ 31. Bf1 Rxf1+ 32. Kh2 h5 0-1

[Event "SSC-Rostock-Open 2013"]
[Site "Rostock"]
[Date "2013.08.04"]
[Round "7.22"]
[White "Wulf, Constanze"]
[Black "Vladov, Mark"]
[Result "0-1"]
[WhiteElo "1615"]
[BlackElo "1829"]
[PlyCount "64"]
[EventDate "2013.07.31"]
[EventType "swiss"]
[EventRounds "7"]
[EventCountry "GER"]
[Source "LSV Meck.-Vorp."]
[SourceDate "1999.06.01"]
[WhiteTeam "SC Mecklenburger Springer"]
[BlackTeam "SF Ostsee Warnemuende"]

1. d4 Nf6 2. c4 g6 3. Nc3 Bg7 4. e4 d6 5. f3 O-O 6. Bg5 Nbd7 7. Qd2 Re8 8. Nge2
a5 9. h4 a4 10. g4 c5 11. h5 cxd4 12. Nxd4 Qb6 13. Be3 Ne5 14. hxg6 hxg6 15.
Bh6 Qxd4 16. Qxd4 Nxf3+ 17. Kf2 Nxd4 18. Bxg7 Nxg4+ 19. Kg3 Kxg7 20. Nd5 Rb8
21. Rd1 Nc6 22. Be2 Nge5 23. Rh2 Bd7 24. Rdh1 Rh8 25. Rxh8 Rxh8 26. Rxh8 Kxh8
27. Kf4 Kg7 28. Bf1 e6 29. Nc3 Na5 30. c5 Nec4 31. cxd6 e5+ 32. Kf3 Nxb2 0-1

[Event "SSC-Rostock-Open 2013"]
[Site "Rostock"]
[Date "2013.08.04"]
[Round "7.23"]
[White "Jaehn, Janis"]
[Black "Morosova, Svetlana"]
[Result "1-0"]
[WhiteElo "1747"]
[BlackElo "1689"]
[PlyCount "71"]
[EventDate "2013.07.31"]
[EventType "swiss"]
[EventRounds "7"]
[EventCountry "GER"]
[Source "LSV Meck.-Vorp."]
[SourceDate "1999.06.01"]
[WhiteTeam "SF Schwerin"]
[BlackTeam "Think Rochade - SC HRO"]

1. Nf3 Nf6 2. e3 g6 3. b3 Bg7 4. Bb2 d6 5. c4 c5 6. Be2 O-O 7. d3 Nc6 8. Nbd2
a6 9. Qc2 Bf5 10. O-O b5 11. Nh4 Bd7 12. Rae1 Nb4 13. Qb1 Nc6 14. f4 e6 15. g3
Ne7 16. Bd1 Bc6 17. Qa1 Ne8 18. d4 cxd4 19. exd4 b4 20. Ndf3 Qb8 21. Bc2 Qb7
22. Qd1 Nf6 23. Ng5 h6 24. Nxe6 fxe6 25. Rxe6 Be8 26. d5 Nf5 27. Nxf5 gxf5 28.
Bxf5 Nxd5 29. Bxg7 Rxf5 30. Qg4 Qxg7 31. Qxf5 Qd4+ 32. Rf2 Ne3 33. Rxe3 Qxe3
34. Qd5+ Kg7 35. Qxa8 Qe1+ 36. Kg2 1-0

[Event "SSC-Rostock-Open 2013"]
[Site "Rostock"]
[Date "2013.08.04"]
[Round "7.24"]
[White "Graeber, Gero"]
[Black "Kreutz, Ralf"]
[Result "1/2-1/2"]
[WhiteElo "1722"]
[BlackElo "1573"]
[PlyCount "97"]
[EventDate "2013.07.31"]
[EventType "swiss"]
[EventRounds "7"]
[EventCountry "GER"]
[Source "LSV Meck.-Vorp."]
[SourceDate "1999.06.01"]
[WhiteTeam "SC Tettnang"]
[BlackTeam "SV Koenigsjaeger Sued-West"]

1. e4 e5 2. f4 Nc6 3. Nf3 d6 4. Bc4 Be7 5. O-O Bg4 6. c3 Be6 7. Bxe6 fxe6 8.
fxe5 Qd7 9. exd6 Qxd6 10. d4 O-O-O 11. Nbd2 Qf4 12. Qe1 Qg4 13. Nc4 Nf6 14. e5
Nd5 15. Ne3 Qh5 16. Nxd5 exd5 17. Bf4 g5 18. Bg3 Rdf8 19. e6 g4 20. Ne5 Rxf1+
21. Qxf1 Nxe5 22. Bxe5 Rf8 23. Qb5 Kb8 24. Qxd5 Qg5 25. Qe4 Qd2 26. Bg3 h5 27.
Rf1 Rxf1+ 28. Kxf1 Qxb2 29. Qh7 Qc1+ 30. Ke2 Qb2+ 31. Kf1 Qc1+ 32. Be1 Qf4+ 33.
Ke2 Qd6 34. Qg8+ Bf8 35. Bg3 Qe7 36. Bh4 Qa3 37. e7 Qb2+ 38. Kf1 Qc1+ 39. Be1
Qf4+ 40. Bf2 Qc1+ 41. Ke2 Qc2+ 42. Kf1 Qc1+ 43. Ke2 Qc2+ 44. Ke3 Qc1+ 45. Ke4
Qc2+ 46. Ke3 Qc1+ 47. Ke4 Qc2+ 48. Ke5 Qe2+ 49. Kd5 1/2-1/2

[Event "SSC-Rostock-Open 2013"]
[Site "Rostock"]
[Date "2013.08.04"]
[Round "7.25"]
[White "Ehrich, Dieter"]
[Black "Schamber, Dennis"]
[Result "0-1"]
[WhiteElo "1710"]
[BlackElo "1544"]
[PlyCount "84"]
[EventDate "2013.07.31"]
[EventType "swiss"]
[EventRounds "7"]
[EventCountry "GER"]
[Source "LSV Meck.-Vorp."]
[SourceDate "1999.06.01"]
[WhiteTeam "PSV Ribnitz-Damgarten"]
[BlackTeam "TuS Makkabi Rostock"]

1. c4 e5 2. Nc3 Nc6 3. g3 g6 4. Bg2 Bg7 5. Nf3 f5 6. d3 Nf6 7. O-O d6 8. Rb1
O-O 9. b4 h6 10. Ne1 g5 11. Nd5 Rb8 12. Nc2 Be6 13. Nce3 f4 14. Nxf6+ Qxf6 15.
Nd5 Bxd5 16. Bxd5+ Kh8 17. Bxc6 bxc6 18. a3 h5 19. Bb2 Qf5 20. Kg2 h4 21. f3
fxg3 22. h3 d5 23. Qa4 dxc4 24. dxc4 Qf4 25. Qc2 Rbd8 26. Rbd1 Rxd1 27. Rxd1
Qf7 28. Qe4 Qe6 29. Rf1 Rf4 30. Qd3 Qxc4 31. Qxc4 Rxc4 32. Re1 Rc2 33. Ba1 Ra2
34. Kf1 Rxa3 35. Rc1 Rb3 36. Bc3 e4 37. Bxg7+ Kxg7 38. fxe4 Rxb4 39. Rxc6 Rb7
40. Ra6 c5 41. Rc6 Rf7+ 42. Ke1 g2 0-1

[Event "SSC-Rostock-Open 2013"]
[Site "Rostock"]
[Date "2013.08.04"]
[Round "7.26"]
[White "Kreuzinger, Frank"]
[Black "Langer, Moritz"]
[Result "1-0"]
[WhiteElo "1759"]
[BlackElo "1191"]
[PlyCount "113"]
[EventDate "2013.07.31"]
[EventType "swiss"]
[EventRounds "7"]
[EventCountry "GER"]
[Source "LSV Meck.-Vorp."]
[SourceDate "1999.06.01"]
[WhiteTeam "vls./Pirna"]
[BlackTeam "TuS Makkabi Rostock"]

1. Nf3 d5 2. d4 Nf6 3. g3 Nc6 4. Bg2 g6 5. O-O Bg7 6. c4 dxc4 7. Qa4 O-O 8.
Qxc4 Be6 9. Qa4 Bd5 10. e3 Re8 11. Nc3 Bxf3 12. Bxf3 Qd7 13. Rd1 e6 14. e4 Ne7
15. Qb3 c6 16. Be3 Red8 17. Rac1 Qc7 18. a4 Qb6 19. Qa3 Bf8 20. a5 Qc7 21. Qa2
Rd7 22. b4 a6 23. Na4 Nc8 24. Qb2 Qd8 25. Nc5 Re7 26. d5 cxd5 27. Qxf6 Bg7 28.
Qh4 b6 29. axb6 Nxb6 30. Bg5 f6 31. Bxf6 Bxf6 32. Qxf6 Rf7 33. Qxe6 Qf6 34.
Qxf6 Rxf6 35. Bg2 dxe4 36. Bxe4 Raf8 37. f3 R8f7 38. Nxa6 Kg7 39. b5 Re7 40.
Rc7 Rxc7 41. Nxc7 Rf7 42. Nd5 Rd7 43. Rd3 Nxd5 44. Rxd5 Rb7 45. Kf2 Rb6 46. Ke3
Kf6 47. Kd4 Rb8 48. Kc5 Ke6 49. Kc6 Ra8 50. b6 Ra6 51. Kc7 h5 52. b7 h4 53.
b8=Q hxg3 54. Qe8+ Kf6 55. Qe5+ Kf7 56. Rd7+ Kf8 57. Qh8# 1-0

[Event "SSC-Rostock-Open 2013"]
[Site "Rostock"]
[Date "2013.08.04"]
[Round "7.27"]
[White "Kreutz, Jonas"]
[Black "Schulz, Ronald"]
[Result "1/2-1/2"]
[WhiteElo "1327"]
[BlackElo "1574"]
[PlyCount "51"]
[EventDate "2013.07.31"]
[EventType "swiss"]
[EventRounds "7"]
[EventCountry "GER"]
[Source "LSV Meck.-Vorp."]
[SourceDate "1999.06.01"]
[WhiteTeam "SV Koenigsjaeger Sued-West"]
[BlackTeam "SG Eintracht Neubrandenburg"]

1. e4 d5 2. exd5 Nf6 3. d4 Nxd5 4. Bc4 Nb6 5. Bd3 Nc6 6. Nf3 Bg4 7. Be3 e6 8.
c3 Be7 9. Nbd2 Nd5 10. Qc2 Nxe3 11. fxe3 g6 12. O-O Bxf3 13. Nxf3 O-O 14. Qb3
b6 15. Be4 Na5 16. Qa4 Qe8 17. Qxe8 Raxe8 18. Ne5 f5 19. Bd3 Bd6 20. Nc4 Nxc4
21. Bxc4 Kg7 22. Rf2 c5 23. Re1 e5 24. Rfe2 cxd4 25. exd4 e4 26. h3 1/2-1/2

[Event "SSC-Rostock-Open 2013"]
[Site "Rostock"]
[Date "2013.08.04"]
[Round "7.28"]
[White "Raitza, Egon"]
[Black "Wurst, Maximilian"]
[Result "1-0"]
[WhiteElo "1856"]
[BlackElo "1441"]
[PlyCount "83"]
[EventDate "2013.07.31"]
[EventType "swiss"]
[EventRounds "7"]
[EventCountry "GER"]
[Source "LSV Meck.-Vorp."]
[SourceDate "1999.06.01"]
[WhiteTeam "SSC Rostock 07"]
[BlackTeam "SSC Rostock 07"]

1. d4 Nf6 2. c4 e6 3. Nc3 Bb4 4. e3 d5 5. Bd3 c5 6. Nge2 Nc6 7. O-O O-O 8. a3
Bxc3 9. bxc3 cxd4 10. cxd4 Qc7 11. cxd5 exd5 12. Bb2 Ng4 13. Ng3 h5 14. h3 h4
15. hxg4 hxg3 16. fxg3 Qxg3 17. Rf3 Qxg4 18. Qc2 f5 19. Raf1 g6 20. Rf4 Qg5 21.
R1f3 Be6 22. Rh3 Kg7 23. Qf2 Rh8 24. Rg3 Qh5 25. Rh3 Qd1+ 26. Bf1 Rxh3 27. gxh3
Rh8 28. Kh2 Qh5 29. Bg2 g5 30. Qg3 Kg6 31. Bc3 Kf6 32. Rf1 Kg6 33. Qd6 Kf6 34.
e4 Rd8 35. Rxf5+ Kg7 36. Qxe6 dxe4 37. d5+ Kh7 38. Rf7+ Kg8 39. Rg7+ Kf8 40.
Qf6+ Ke8 41. Qe6+ Ne7 42. Qxe7# 1-0

[Event "SSC-Rostock-Open 2013"]
[Site "Rostock"]
[Date "2013.08.04"]
[Round "7.29"]
[White "Leisner, Ekkehardt"]
[Black "Rozhanskyy, Oleksiy"]
[Result "1/2-1/2"]
[WhiteElo "1588"]
[BlackElo "1199"]
[PlyCount "112"]
[EventDate "2013.07.31"]
[EventType "swiss"]
[EventRounds "7"]
[EventCountry "GER"]
[Source "LSV Meck.-Vorp."]
[SourceDate "1999.06.01"]
[WhiteTeam "SV Turbine Neubrandenburg"]
[BlackTeam "SSC Rostock 07"]

1. c4 e5 2. g3 Nf6 3. Bg2 Nc6 4. Nc3 d6 5. e3 Bd7 6. Nge2 Rb8 7. b3 g6 8. O-O
Bg7 9. Bb2 O-O 10. d4 exd4 11. exd4 Re8 12. Qd2 Ne7 13. b4 a6 14. a4 Bf5 15. d5
c6 16. Nd4 Qc8 17. Nxf5 Nxf5 18. Qd3 Qd7 19. Ra2 Re7 20. Ne4 Nxe4 21. Bxe4 Rbe8
22. dxc6 bxc6 23. Bxf5 Qxf5 24. Qxf5 gxf5 25. Bxg7 Kxg7 26. Rd2 Rd7 27. Rfd1
Red8 28. b5 axb5 29. axb5 cxb5 30. cxb5 Kg6 31. Rd5 Kf6 32. Kg2 Ke6 33. Kf3 Rc8
34. h4 Rc4 35. R1d4 Rc5 36. Rxc5 dxc5 37. Rxd7 Kxd7 38. Ke3 Kd6 39. Kd3 Kd5 40.
f3 c4+ 41. Kc3 Kc5 42. b6 Kxb6 43. Kxc4 Kc6 44. Kd4 Kd6 45. g4 fxg4 46. fxg4
Ke6 47. Ke4 h6 48. Kf4 Kf6 49. Ke4 Ke6 50. Kf4 Kf6 51. Kg3 Ke5 52. Kf3 f5 53.
Kg3 fxg4 54. Kxg4 Kf6 55. h5 Kg7 56. Kf5 Kf7 1/2-1/2

[Event "SSC-Rostock-Open 2013"]
[Site "Rostock"]
[Date "2013.08.04"]
[Round "7.30"]
[White "Schulz, Daniel"]
[Black "Lange, Johannes"]
[Result "1-0"]
[WhiteElo "1383"]
[BlackElo "1174"]
[PlyCount "117"]
[EventDate "2013.07.31"]
[EventType "swiss"]
[EventRounds "7"]
[EventCountry "GER"]
[Source "LSV Meck.-Vorp."]
[SourceDate "1999.06.01"]
[WhiteTeam "SG Eintracht Neubrandenburg"]
[BlackTeam "Schachunion Berlin"]

1. e4 e5 2. Nc3 Nf6 3. f4 exf4 4. e5 Ng8 5. Nf3 Bc5 6. d4 Bb4 7. Qd3 d5 8. Bxf4
Ne7 9. Be2 O-O 10. O-O h6 11. a3 Ba5 12. Nd2 Bb6 13. Nb3 Nbc6 14. Na4 Ba5 15.
Nxa5 Nxa5 16. Nc3 Bf5 17. Qd2 Kh7 18. Bd3 Bg6 19. Bxg6+ Nxg6 20. Bg3 Nc4 21.
Qc1 c6 22. b3 Nb6 23. Qe3 Qd7 24. a4 Kg8 25. a5 Nc8 26. Na4 b6 27. axb6 axb6
28. Nc5 bxc5 29. Rxa8 Na7 30. Rxf8+ Nxf8 31. dxc5 d4 32. Qd3 Ne6 33. b4 Nb5 34.
Rd1 Qb7 35. Be1 Nf4 36. Qf3 Nd5 37. h3 Ne3 38. Rd2 Na3 39. Rxd4 Naxc2 40. Rd8+
Kh7 41. Qe4+ g6 42. Bd2 Qc7 43. Ra8 Nf5 44. Qxc2 Qxe5 45. Bc3 Nd4 46. Rd8 Ne2+
47. Qxe2 Qxc3 48. Qd2 Qxd2 49. Rxd2 Kg7 50. b5 cxb5 51. c6 b4 52. c7 b3 53.
c8=Q b2 54. Qc3+ Kh7 55. Qxb2 h5 56. Rd8 Kh6 57. h4 g5 58. Qf6+ Kh7 59. Rh8#
1-0

[Event "SSC-Rostock-Open 2013"]
[Site "Rostock"]
[Date "2013.08.04"]
[Round "7.31"]
[White "Wulf, Doris"]
[Black "Lick, Helmut"]
[Result "0-1"]
[WhiteElo "1138"]
[BlackElo "1489"]
[PlyCount "102"]
[EventDate "2013.07.31"]
[EventType "swiss"]
[EventRounds "7"]
[EventCountry "GER"]
[Source "LSV Meck.-Vorp."]
[SourceDate "1999.06.01"]
[WhiteTeam "SC Mecklenburger Springer"]
[BlackTeam "SK Lister Turm"]

1. c4 c5 2. g3 Nf6 3. Bg2 g6 4. Nc3 Bg7 5. e3 Nc6 6. Nge2 O-O 7. O-O d6 8. b3
a6 9. Bb2 Qc7 10. Nd5 Nxd5 11. Bxg7 Nxe3 12. fxe3 Kxg7 13. d3 Bd7 14. Qd2 Rab8
15. Rf2 b5 16. Raf1 bxc4 17. dxc4 Ne5 18. Nf4 Be6 19. h4 Qd7 20. Qc3 Kg8 21. e4
f6 22. Qd2 Bf7 23. Bh3 Qc7 24. Ne6 Bxe6 25. Bxe6+ Kg7 26. Qe2 a5 27. h5 a4 28.
bxa4 Qa5 29. hxg6 hxg6 30. Rh2 Rh8 31. g4 Rxh2 32. Qxh2 Rh8 33. Qg2 Qxa4 34. g5
Qa3 35. gxf6+ exf6 36. Qf2 Rf8 37. Qg2 Qe3+ 38. Rf2 Nd3 39. Qf3 Qxf2+ 40. Qxf2
Nxf2 41. Kxf2 Ra8 42. Bd5 Rxa2+ 43. Kg3 Kh6 44. Kh4 Rf2 45. Kg3 Rd2 46. Be6 Kg5
47. Kf3 Rd3+ 48. Ke2 f5 49. exf5 gxf5 50. Bf7 Kf6 51. Bg8 Ke5 0-1

[Event "SSC-Rostock-Open 2013"]
[Site "Rostock"]
[Date "2013.08.04"]
[Round "7.32"]
[White "Gazizov, Max"]
[Black "Zeis, Konstantin"]
[Result "1-0"]
[WhiteElo "1090"]
[BlackElo "1157"]
[PlyCount "137"]
[EventDate "2013.07.31"]
[EventType "swiss"]
[EventRounds "7"]
[EventCountry "GER"]
[Source "LSV Meck.-Vorp."]
[SourceDate "1999.06.01"]
[WhiteTeam "TuS Makkabi Rostock"]
[BlackTeam "TuS Makkabi Rostock"]

1. d4 d5 2. c4 e6 3. Nc3 Nf6 4. Bg5 Bb4 5. Nf3 O-O 6. e3 Nbd7 7. Bd3 b6 8. O-O
Bb7 9. Qc2 h6 10. Bh4 Bd6 11. a3 c5 12. Rab1 Qc7 13. b4 cxd4 14. exd4 dxc4 15.
Nb5 Qc6 16. Qxc4 Qxc4 17. Bxc4 Be7 18. Ne5 Rfd8 19. Rfd1 g5 20. Bg3 Nxe5 21.
dxe5 Ne4 22. f3 Nxg3 23. hxg3 Rxd1+ 24. Rxd1 a5 25. Nd6 Bxd6 26. exd6 Rd8 27.
bxa5 bxa5 28. Bb5 Kf8 29. d7 Ke7 30. Kf2 h5 31. Ke3 e5 32. Rd2 Ke6 33. a4 Ke7
34. f4 gxf4+ 35. gxf4 f6 36. fxe5 fxe5 37. g3 Ke6 38. Rc2 Kd6 39. Rc3 Bg2 40.
Rc8 Ke7 41. Rxd8 Kxd8 42. Kd3 Bh3 43. Ke4 Bxd7 44. Bxd7 Kxd7 45. Kxe5 Kc6 46.
Kd4 Kb6 47. Kd5 Ka6 48. Kc6 Ka7 49. Kb5 Kb7 50. Kxa5 Ka7 51. Kb5 Kb7 52. a5 Ka7
53. a6 Ka8 54. Kb6 Kb8 55. Kc6 Ka7 56. Kd6 Kxa6 57. Ke6 Kb6 58. Kf6 Kc6 59. Kg6
Kd7 60. Kxh5 Ke7 61. g4 Kf6 62. Kh6 Kf7 63. g5 Kg8 64. Kg6 Kh8 65. Kf7 Kh7 66.
g6+ Kh8 67. g7+ Kh7 68. g8=Q+ Kh6 69. Qg6# 1-0